| 000 | 00352pam a2200157a 44500 | ||
|---|---|---|---|
| 008 | 230515b1997 xxu||||| |||| 00| 0 eng d | ||
| 020 | _aNULL | ||
| 041 | _aENGL | ||
| 082 | _aRIC | ||
| 100 | _aRICHARD .L LITTLE | ||
| 245 | _aWELDING AND WELDING TECHNOLOGY | ||
| 250 | _aN.D. | ||
| 260 |
_aNULL _bMc. G _c1997 |
||
| 300 | _a435 PB | ||
| 650 | _aNULL | ||
| 999 |
_c658779 _d658779 |
||